000 00523nam a2200157Ia 4500
008 230907s9999||||xx |||||||||||||| ||und||
082 _a621.3
_bHAT
100 _aHatif Bin Abdul Majeed (00000118652)
_9116372
245 0 _aPerformance comparison of linear controllers for voltage dip mitigation using dynamic voltage restorer /
264 _aIslamabad :
_bUSPCAS-E,
_c2018
300 _a146 p.
520 _aTH-89
650 _aMS-ESE Thesis MS Thesis
700 _aDr Hassan Abdullah Khalid
_928912
942 _cTHE
_2ddc
999 _c601768
_d601768